000 00480nam a2200157 4500
001 131444
003 ES-MaACL
005 20230906194001.0
007 t|
008 070214s1965 sp r ||||1| spa d
100 1 _aRodríguez Culebras, Ramón.
_998433
245 1 3 _aEl retablo de la catedral de Segorbe /
_cpor Ramón Rodríguez Culebras.
260 _aSegorbe :
_bInstituto Laboral de Segorbe,
_c1965.
300 _a42 p. ;
_c21 cm.
852 _aES-MaACL
_j2048-F-10
_bR.60466
999 _c131444
_d131444